Normal view
MARC view
- मोरे, शिरीष
Entry Personal Name
001 - CONTROL NUMBER
- control field: 216894
003 - CONTROL NUMBER IDENTIFIER
- control field: OSt
005 - DATE AND TIME OF LATEST TRANSACTION
- control field: 20260310110736.0
008 - FIXED-LENGTH DATA ELEMENTS
- fixed length control field: 260310|| aca||aabn | a|a d
040 ## - CATALOGING SOURCE
- Original cataloging agency: OSt
- Transcribing agency: OSt
100 ## - HEADING--PERSONAL NAME
- Personal name: मोरे, शिरीष
670 ## - SOURCE DATA FOUND
- Source citation: Work cat.: (OSt)370639: मोरे, शिरीष, शिवराज्याभिषेक, 2023